Fallen Angel / (Record no. 20252)
[ view plain ]
| 000 -LEADER | |
|---|---|
| fixed length control field | 00438nam a2200169 a 4500 |
| 005 - DATE AND TIME OF LATEST TRANSACTION | |
| control field | 20140310183217.0 |
| 008 - FIXED-LENGTH DATA ELEMENTS--GENERAL INFORMATION | |
| fixed length control field | 030627s19uu xx 00 eng d |
| 020 ## - INTERNATIONAL STANDARD BOOK NUMBER | |
| International Standard Book Number | 0733519703 |
| 050 ## - LIBRARY OF CONGRESS CALL NUMBER | |
| Classification number | PS 3558 |
| Item number | .M427 1999 |
| 100 ## - MAIN ENTRY--PERSONAL NAME | |
| Personal name | Mather, Anne |
| 245 ## - TITLE STATEMENT | |
| Title | Fallen Angel / |
| Statement of responsibility, etc | Anne Mather. |
| 260 ## - PUBLICATION, DISTRIBUTION, ETC. (IMPRINT) | |
| Place of publication, distribution, etc | Australia : |
| Name of publisher, distributor, etc | Harlequin Mills & Boon, |
| Date of publication, distribution, etc | 1999. |
| 300 ## - PHYSICAL DESCRIPTION | |
| Extent | 219 p. : |
| Dimensions | 18 cm. |
| 650 ## - SUBJECT ADDED ENTRY--TOPICAL TERM | |
| Topical term or geographic name as entry element | Fiction |
| 942 ## - ADDED ENTRY ELEMENTS (KOHA) | |
| Koha item type | Books |
| Source of classification or shelving scheme | Library of Congress Classification |
| Withdrawn status | Lost status | Source of classification or shelving scheme | Damaged status | Home library | Current library | Shelving location | Date acquired | Total Checkouts | Full call number | Barcode | Date last seen | Copy number | Price effective from | Koha item type |
|---|---|---|---|---|---|---|---|---|---|---|---|---|---|---|
| Library of Congress Classification | College Library | College Library | Fiction Section | 11/15/2013 | PS 3558 .M427 1999 | C3943 | 05/08/2018 | 1 | 10/10/2013 | Books |